000 00886cam a2200325 i 4500
999 _c17368
_d10954
001 17368
003 TR-AnTOB
005 20240419155435.0
007 ta
008 041102s2002 tu 000 0 tur d
020 _a9751408970
035 _a17368
040 _aTR-AnTOB
_beng
_erda
_cTR-AnTOB
041 0 _atur
050 _aJC423
_b.K66 2002
090 _aJC423
_b.K66 2002
100 1 _aKongar, Emre
_eauthor
_96368
245 1 0 _aDemokrasi ve vampirler /
_cEmre Kongar.
250 _a4. bs.
264 1 _aİstanbul :
_bRemzi Kitabevi,
_c2002.
300 _a350 pages ;
_c20 cm.
336 _2rdacontent
_atext
_btxt
337 _2rdamedia
_aunmediated
_bn
338 _2rdacarrier
_avolume
_bnc
650 _aDemokrasi
_zTürkiye
_914275
651 7 _aTürkiye
_xSiyaset ve yönetim
_y1980-
_2etuturkob
_98950
902 _a0003748
942 _2lcc
_cBK